A. WESLEY POWELL LEARNING RESOURCE CENTRE (WPLRC)

Wonderful Place to Learn, Research & Collaborate

World Drama (Record no. 18371)

MARC details
000 -LEADER
fixed length control field 00455nam a22001817a 4500
001 - ACCESSION NUMBER
control field 25077
003 - CONTROL NUMBER IDENTIFIER
control field OSt
005 - DATE AND TIME OF LATEST TRANSACTION
control field 20220216104613.0
008 - FIXED-LENGTH DATA ELEMENTS--GENERAL INFORMATION
fixed length control field 220216b |||||||| |||| 00| 0 eng d
020 ## - INTERNATIONAL STANDARD BOOK NUMBER
International Standard Book Number 0486200590
040 ## - CATALOGING SOURCE
Transcribing agency DDC
082 ## - DEWEY DECIMAL CLASSIFICATION NUMBER
Classification number R/808.82 WOR
110 ## - MAIN ENTRY--CORPORATE NAME
Relator code Selected by Barrett H, Clark
245 ## - TITLE STATEMENT
Title World Drama
Statement of responsibility, etc. Barrett H. Clark
260 ## - PUBLICATION, DISTRIBUTION, ETC. (IMPRINT)
Place of publication, distribution, etc. New York
Name of publisher, distributor, etc. Dover Publications Inc,
Date of publication, distribution, etc. 1933
300 ## - PHYSICAL DESCRIPTION
Extent vii, 685 P, :
Dimensions 20 cm
942 ## - ADDED ENTRY ELEMENTS (KOHA)
Source of classification or shelving scheme Dewey Decimal Classification
Koha item type Books
Holdings
Withdrawn status Lost status Source of classification or shelving scheme Damaged status Not for loan Home library Current library Date acquired Total Checkouts Full call number Barcode Date last seen Price effective from Koha item type
    Dewey Decimal Classification     Wesley Powell Learning Resource Centre Wesley Powell Learning Resource Centre 02/16/2022   R/808.82 WOR 05077 02/16/2022 02/16/2022 Books